00475cam a22001097a 4500008004000000082003500040100002500075245012700100260005800227300001100285440006900296180718b1986 xxu||||| |||| 00| 0 eng d aA81x54 In2/81/2/Pt 13 A & B/KU aCensus of India 1981 aAndhra Pradesh district census handbook, Kurnool: village and town directory, village and townwise primary census abstract aHyderabadbDirector of Printaing and Stationeryc1986 a407+p. aCensus of India 1981. Series-2, Andhra Pradesh. Parts XIII-A & B